000
00241nam a22001097a 4500
999
_c
261547
_d
261546
020
_a
978075640316
100
_a
Simon Beecroft
245
_a
The Clone Wars
260
_a
New York
_b
Dorling Kindersley
_c
2008
300
_a
32 pgs
942
_c
BK